00505nam a2200181 a 450000100100000000500170001000800410002704000250006808200230009310000230011624500360013925000110017526000400018630000280022665000110025465000310026565000270029600000673820240516194749.0090902s2006 dr a r 000 0 spa d aDO-SdBNPbspacBNPHU a641.5bH557c, 20061 aHernández, Xilia10aCocinarte /cXilia Hernández. a4a ed. aSanto Domingo :bCentenario,c2006. a464 p. :bil. ;c23 cm. 0aCocina 4aPreparación de alimentos 4aDieta baja en calorias